Southville International School and Colleges
Your cart is empty.
  • Cart
  • Lists
    Public lists Eva Luna New books Lux_list list_1
    Your lists Log in to create your own lists
  • Log in to your account
  • Your cookies
  • Search history
Southville International School and Colleges
  • Advanced search
  • Recent comments
  • Most popular
  • Libraries

Log in to your account

Log in with GOOGLE


If you do not have an external account, but do have a local account, you can still log in:

  1. Home
  2. MARC view: 13 things you gotta know :
Normal view MARC view ISBD view

13 things you gotta know : (Record no. 345071)

[ view plain ]
MARC details
000 -LEADER
fixed length control field 00768nam a2200289Ia 4500
008 - FIXED-LENGTH DATA ELEMENTS--GENERAL INFORMATION
fixed length control field 171120s9999 xx 000 0 und d
020 ## - INTERNATIONAL STANDARD BOOK NUMBER
International Standard Book Number 849934133
050 ## - LIBRARY OF CONGRESS CALL NUMBER
Classification number 242.63
050 ## - LIBRARY OF CONGRESS CALL NUMBER
Item number M138 1992
100 ## - MAIN ENTRY--PERSONAL NAME
Personal name McDowell, Josh
245 ## - TITLE STATEMENT
Title 13 things you gotta know :
245 ## - TITLE STATEMENT
Remainder of title to make it as a Christian /
245 ## - TITLE STATEMENT
Statement of responsibility, etc by Josh McDowell and Bob Hostetler.
260 ## - PUBLICATION, DISTRIBUTION, ETC. (IMPRINT)
Place of publication, distribution, etc Texas :
260 ## - PUBLICATION, DISTRIBUTION, ETC. (IMPRINT)
Name of publisher, distributor, etc Word Publishing,
260 ## - PUBLICATION, DISTRIBUTION, ETC. (IMPRINT)
Date of publication, distribution, etc 1992
300 ## - PHYSICAL DESCRIPTION
Extent 131 pages :
300 ## - PHYSICAL DESCRIPTION
Other physical details illustrations ;
300 ## - PHYSICAL DESCRIPTION
Dimensions 21cm.
500 ## - GENERAL NOTE
General note Power link student devotional.
650 ## - SUBJECT ADDED ENTRY--TOPICAL TERM
Topical term or geographic name as entry element Devotional calendars.
650 ## - SUBJECT ADDED ENTRY--TOPICAL TERM
Topical term or geographic name as entry element Prayer books and devotions.
650 ## - SUBJECT ADDED ENTRY--TOPICAL TERM
Topical term or geographic name as entry element Teenagers --
650 ## - SUBJECT ADDED ENTRY--TOPICAL TERM
General subdivision Prayers and devotions.
700 ## - ADDED ENTRY--PERSONAL NAME
Personal name Hostetler, Bob.
700 ## - ADDED ENTRY--PERSONAL NAME
Personal name Title.
Holdings
Withdrawn status Lost status Damaged status Home library Current library Date acquired Total Checkouts Full call number Barcode Date last seen Price effective from Koha item type
      Stonyhurst Southville International School (Malarayat) Stonyhurst Southville International School (Malarayat) 11/20/2017   REF 242.63 M138 1992 SSISM4115 11/20/2017 11/20/2017 Books

13 things you gotta know :

APA

McDowell J., Hostetler B. & Title.13 things you gotta know. Texas: .

Chicago

McDowell Josh, Hostetler Bob and Title.13 things you gotta know. Texas: .

Harvard

McDowell J., Hostetler B. and Title.13 things you gotta know. Texas: .

MLA

McDowell Josh, Hostetler Bob and Title.Texas: . .

  • Place hold
  • Print
  • Cite
  • Add to your cart (remove)
  • Save record
    BIBTEX Dublin Core MARCXML MARC (non-Unicode/MARC-8) MARC (Unicode/UTF-8) MARC (Unicode/UTF-8, Standard) MODS (XML) RIS
  • More searches
    Search for this title in:
    Other Libraries (WorldCat) Other Databases (Google Scholar) Online Stores (Bookfinder.com) Open Library (openlibrary.org)

Exporting to Dublin Core...

SOUTHVILLE LIBRARY

Southville International School and Colleges Library

1281 Tropical Ave. Cor. Luxembourg St., BF Homes International, Las Pinas City

Tel. No. 8256374 / 252358 Loc. 117/146

Powered by Koha